| 000 | 00550nam a2200169 4500 | ||
|---|---|---|---|
| 001 | 148161 | ||
| 003 | ES-MaACL | ||
| 005 | 20230906202449.0 | ||
| 007 | t| | ||
| 008 | 070214s1978 sp r ||||1| spa d | ||
| 100 | 1 |
_aStambak, Mira. _9107872 |
|
| 245 | 1 | 0 |
_aTono y psicomotricidad _b: el desarrollo psicomotor de la primera infancia / _cMira Stambak ; traducción de Guillem Ferrer. |
| 260 |
_aMadrid : _bPablo del Río, _c1978. |
||
| 300 |
_a130 p. : _bil. ; _c21 cm. |
||
| 700 | 1 |
_aFerrer, Guillem. _950419 |
|
| 852 |
_aES-MaACL _jA-8473 _bR.97253 |
||
| 999 |
_c148161 _d148161 |
||